Les Pays plus Grands que leurs Voisins - Mort subite - Statistiques

Statistiques générales
  • Ce quiz a été pris 96 fois
  • Le résultat moyen est 4 sur 14
Answers on the Grid
Answers color-coded by a green-red scale on the quiz's grid according to % correct below.
Algérie
Brésil
Canada
République démocratique du Congo
République dominicaine
Indonésie
Iran
Nicaragua
Russie
Arabie saoudite
Afrique du Sud
Soudan
Suède
Royaume-Uni
États-Unis
Chine
Inde
Argentine
Mexique
Libye
Mongolie
Pérou
Angola
Éthiopie
Somalie
Haïti
Panama
Norvège
Ukraine
France
 
Statistiques - réponses
Réponse % Correct
Brésil
52%
Arabie saoudite
40%
Canada
39%
Royaume-Uni
39%
Russie
37%
Afrique du Sud
35%
Algérie
35%
République démocratique du Congo
35%
Indonésie
26%
Suède
23%
Iran
16%
République dominicaine
16%
Nicaragua
11%
Soudan
11%
Aucun quiz correspondant
Distribution des résultats
% des personnes avec chaque résultat
Percentile par nombre de réponses
Votre historique - résultats
Vous n’avez pas pris ce quiz